000 01172nam0a2200349 4500
001 RU\NLR\bibl\162700
005 20250618054128.0
010 _a5-04-006637-6
_bВ пер.
_910000
021 _aRU
_b2001-10231
_9491
035 _a(NLR Aleph) 000159589
090 _a917707
_c917707
100 _a20010521d2001 |||y0rusy50 ca
101 1 _arus
_ceng
102 _aRU
105 _aa |||||||||
200 1 _aStar wars. Перемирие на Бакуре
_fКэти Тайерс
_g[Пер. с англ. Б. Жужунава, Я. Кельтского]
210 _aМ.
_aСПб.
_cЭКСМО-пресс
_cTerra fantastica
_d2001
215 _a478, [1] с.
_cил.
_d21
610 0 _aНаучно-фантастические романы и рассказы (х. л.)
675 _a821.111(73)-31Тайерс
_v3
_zrus
686 _a17.82
_2rugasnti
686 _a84(7Сое)-44
_2rubbk
686 _aШ6(7США)67-445
700 1 _aТайерс
_gКэти
_4070
801 0 _aRU
_bRKP
_c20010521
_gPSBO
801 1 _aRU
_bRKP
_c20010521
801 2 _aRU
_bNLR
_c20010626
_grcr
942 _cBOOK
980 _aNB